Welcome to the Holygrace Academy Library

Please use search bar below to get started

THE INCREDICBLE HUMAN MACHINE (Record no. 7237)

MARC details
000 -LEADER
fixed length control field 00616nam a22001337a 4500
082 ## - DEWEY DECIMAL CLASSIFICATION NUMBER
Classification number 001
Item number NAT/I
100 ## - MAIN ENTRY--AUTHOR NAME
Personal name NATIONAL GEOGRAPHIC
245 ## - TITLE STATEMENT
Title THE INCREDICBLE HUMAN MACHINE
260 ## - PUBLICATION, DISTRIBUTION, ETC. (IMPRINT)
Place of publication UK
Name of publisher NATIONAL GEOGRAPHIC
Year of publication 2015
300 ## - PHYSICAL DESCRIPTION
Other physical details CD
520 ## - SUMMARY, ETC.
Summary, etc Incredible Human Machine takes viewers on a two hour journey through an ordinary, and extraordinary, day in the life of the human machine. With stunning high definition footage, radical scientific advances and powerful firsthand accounts, Incredible Human Machine plunges deep into the routine marvels of the human body.
650 ## - SUBJECT ADDED ENTRY--TOPICAL TERM
Topical Term ABOUT HUMAN BODY
942 ## - ADDED ENTRY ELEMENTS (KOHA)
Koha item type Books
Holdings
Withdrawn status Lost status Collection code Home library Current library Shelving location Date acquired Source of acquisition Cost, normal purchase price Full call number Accession Number Koha item type
    Reference Main Library Main Library On Display 29/06/2019 Purchase 399.00 001 NAT/I 11163 Visual Materials
    Reference Main Library Main Library On Display 29/06/2019 Purchase 399.00 001 NAT/I 11161 Visual Materials
    Reference Main Library Main Library On Display 29/06/2019 Purchase 399.00 001 NAT/I 11162 Visual Materials